[Event "Moscow op-E"]
[Site "Moscow"]
[Date "2011.02.04"]
[Round "7.30"]
[White "Pasiev, Rakhim"]
[Black "Pugachov, Alexey"]
[Result "0-1"]
[WhiteElo "2282"]
[BlackElo "2470"]
[PlyCount "114"]
[EventDate "2011.01.29"]
[EventType "swiss"]
[EventRounds "9"]
[EventCountry "RUS"]
[SourceTitle "EXT 2022"]
[Source "ChessBase"]
[SourceDate "2021.10.06"]
[SourceVersion "1"]
[SourceVersionDate "2021.10.06"]
[SourceQuality "1"]

1. d4 Nf6 2. Nc3 d5 3. Bg5 Nbd7 4. Qd3 c6 5. e4 dxe4 6. Nxe4 Nxe4 7. Qxe4 Qa5+ 8. Bd2 Qd5 9. Qe3 Nf6 10. c4 Qe4 11. Ne2 g6 12. f3 Qxe3 13. Bxe3 Bg7 14. Nc3 0-0 15. Be2 Ne8 16. 0-0-0 b6 17. Rhe1 Nd6 18. g4 Be6 19. d5 Bd7 20. Bg5 Rfe8 21. dxc6 Bxc6 22. Nd5 Bxd5 23. cxd5 Bf6 24. Bf4 g5 25. Bg3 Rac8+ 26. Kb1 Rc5 27. Bd3 Rec8 28. f4 h6 29. fxg5 hxg5 30. Bf2 Ra5 31. h4 Ra4 32. hxg5 Bxg5 33. Be3 Bxe3 34. Rxe3 Rc7 35. g5 Rg4 36. g6 fxg6 37. Re6 g5 38. Rf1 Rf4 39. Rh1 Nf7 40. Bg6 Rf6 41. Bxf7+ Kxf7 42. Rh7+ Kg8 43. Rhxe7 Rf1+ 44. Re1 Rxe1+ 45. Rxe1 Kf7 46. b4 Rd7 47. Rd1 Kf6 48. Kc2 Ke5 49. Kc3 Rxd5 50. Re1+ Kf4 51. Kc4 Rd7 52. Re8 g4 53. Rf8+ Ke3 54. Re8+ Kf3 55. Rf8+ Kg2 56. Rg8 g3 57. Kb5 Rf7 0-1

[Event "Moscow op-E"]
[Site "Moscow"]
[Date "2011.02.03"]
[Round "6.48"]
[White "Pugachov, Alexey"]
[Black "Apryshko, Gleb"]
[Result "1-0"]
[WhiteElo "2470"]
[BlackElo "2277"]
[PlyCount "35"]
[EventDate "2011.01.29"]
[EventType "swiss"]
[EventRounds "9"]
[EventCountry "RUS"]
[SourceTitle "EXT 2022"]
[Source "ChessBase"]
[SourceDate "2021.10.06"]
[SourceVersion "1"]
[SourceVersionDate "2021.10.06"]
[SourceQuality "1"]

1. e4 e5 2. Nf3 Nf6 3. Nc3 Bb4 4. Nxe5 0-0 5. Be2 d6 6. Nd3 Bxc3 7. dxc3 Nxe4 8. 0-0 Nd7 9. Nf4 Nef6 10. c4 Ne5 11. b3 Re8 12. Bb2 Bd7 13. Re1 Bc6 14. Qd4 Ne4 15. Nd5 Nc5 16. f4 Ne6 17. Qf2 Nd7 18. Qg3 1-0

[Event "Moscow op-E"]
[Site "Moscow"]
[Date "2011.02.02"]
[Round "5.40"]
[White "Dzhangobegov, Vladimir"]
[Black "Pugachov, Alexey"]
[Result "1/2-1/2"]
[WhiteElo "2259"]
[BlackElo "2470"]
[PlyCount "55"]
[EventDate "2011.01.29"]
[EventType "swiss"]
[EventRounds "9"]
[EventCountry "RUS"]
[SourceTitle "EXT 2022"]
[Source "ChessBase"]
[SourceDate "2021.10.06"]
[SourceVersion "1"]
[SourceVersionDate "2021.10.06"]
[SourceQuality "1"]

1. e4 c5 2. Nf3 e6 3. d4 cxd4 4. Nxd4 a6 5. Nc3 b5 6. g3 Bb7 7. Bg2 Nf6 8. 0-0 b4 9. Na4 Bxe4 10. Bxe4 Nxe4 11. Re1 d5 12. c4 bxc3 13. Nxc3 Nxc3 14. bxc3 Be7 15. Rxe6 0-0 16. Re1 Qd7 17. Qf3 Bf6 18. Nf5 Nc6 19. Ba3 Rfe8 20. Nd6 Re6 21. Rxe6 Qxe6 22. Rd1 Rd8 23. Qxd5 Qxd5 24. Rxd5 Bxc3 25. Rc5 Rxd6 26. Rxc3 Re6 27. f4 f5 28. Kf1 1/2-1/2

[Event "Kurgan op"]
[Site "Kurgan"]
[Date "2010.03.26"]
[Round "7"]
[White "Pugachov, Alexey"]
[Black "Dvoirys, Semen I"]
[Result "0-1"]
[WhiteElo "2462"]
[BlackElo "2551"]
[PlyCount "78"]
[EventDate "2010.03.20"]
[EventType "swiss"]
[EventRounds "9"]
[EventCountry "RUS"]
[SourceTitle "CBM 135 Extra"]
[Source "ChessBase"]
[SourceDate "2010.05.04"]
[SourceVersion "1"]
[SourceVersionDate "2010.05.04"]
[SourceQuality "1"]

1. e4 c5 2. Nc3 d6 3. f4 Nc6 4. Nf3 g6 5. Bc4 Bg7 6. 0-0 e6 7. f5 exf5 8. d3 Nge7 9. Qe1 h6 10. Kh1 Be6 11. exf5 Bxf5 12. Nh4 Ne5 13. Nxf5 Nxf5 14. Bd5 Qd7 15. Bf4 0-0 16. Ne4 Rae8 17. Qd2 Kh7 18. Rae1 Nd4 19. c3 Ne6 20. d4 cxd4 21. cxd4 Nxf4 22. Rxf4 Nc4 23. Bxc4 d5 24. Bxd5 Qxd5 25. Nc3 Rxe1+ 26. Qxe1 Qd7 27. Qf2 f5 28. g4 Kg8 29. gxf5 g5 30. Rf3 Bxd4 31. Rd3 Qc6+ 32. Qf3 Qxf3+ 33. Rxf3 Bxc3 34. bxc3 Kg7 35. Kg2 Rf7 36. Kg3 h5 37. c4 Kf6 38. Ra3 b6 39. Rd3 Rc7 0-1

[Event "Kurgan op"]
[Site "Kurgan"]
[Date "2010.03.21"]
[Round "2"]
[White "Pugachov, Alexey"]
[Black "Fitel, Vladimir"]
[Result "1-0"]
[WhiteElo "2462"]
[BlackElo "2286"]
[PlyCount "62"]
[EventDate "2010.03.20"]
[EventType "swiss"]
[EventRounds "9"]
[EventCountry "RUS"]
[SourceTitle "CBM 135 Extra"]
[Source "ChessBase"]
[SourceDate "2010.05.04"]
[SourceVersion "1"]
[SourceVersionDate "2010.05.04"]
[SourceQuality "1"]

1. e4 e5 2. Nf3 Nf6 3. Nxe5 d6 4. Nf3 Nxe4 5. d4 d5 6. Bd3 Be7 7. 0-0 Nc6 8. Re1 Bf5 9. Nc3 Nxc3 10. bxc3 Bxd3 11. Qxd3 0-0 12. Rb1 Rb8 13. Bf4 a6 14. Re3 Bf6 15. Rbe1 b5 16. Qf5 Ne7 17. Qg4 Ng6 18. Bg3 Rb6 19. h4 Ne7 20. Be5 Nc8 21. Bxf6 Rxf6 22. Ne5 Re6 23. h5 Rfe8 24. h6 Qf6 25. hxg7 Qxg7 26. Qh5 Nd6 27. Rg3 Rg6 28. Ree3 Rxe5 29. Qxe5 Qxe5 30. Rxg6+ hxg6 31. Rxe5 c6 1-0

[Event "Moscow Region-ch op"]
[Site "Moscow"]
[Date "2009.08.04"]
[Round "9"]
[White "Nersesian, Vagram Arshakovich"]
[Black "Pugachov, Alexey"]
[Result "0-1"]
[WhiteElo "1964"]
[BlackElo "2445"]
[PlyCount "54"]
[EventDate "2009.07.29"]
[EventType "swiss"]
[EventRounds "10"]
[EventCountry "RUS"]
[SourceTitle "CBM 131 Extra"]
[Source "ChessBase"]
[SourceDate "2009.09.03"]
[SourceVersion "2"]
[SourceVersionDate "2009.09.16"]
[SourceQuality "1"]

1. d4 e6 2. c4 d5 3. Nc3 f5 4. Nf3 Nf6 5. Bg5 c6 6. e3 Be7 7. cxd5 exd5 8. Bd3 0-0 9. 0-0 Ne4 10. Bxe7 Qxe7 11. Ne5 Nd7 12. Qb3 Nxe5 13. dxe5 Nd2 14. Qc2 Nxf1 15. Rxf1 Qxe5 16. Ne2 Bd7 17. Rd1 b6 18. Nc3 Kh8 19. Re1 c5 20. Qd2 Bc6 21. f3 Rad8 22. Bb5 Bxb5 23. Nxb5 d4 24. e4 fxe4 25. Rxe4 Qf6 26. Re8 Rfxe8 27. b3 d3 0-1

[Event "Moscow Region-ch op"]
[Site "Moscow"]
[Date "2009.08.04"]
[Round "8"]
[White "Pugachov, Alexey"]
[Black "Kulikova, Alena"]
[Result "1-0"]
[WhiteElo "2445"]
[BlackElo "1819"]
[PlyCount "95"]
[EventDate "2009.07.29"]
[EventType "swiss"]
[EventRounds "10"]
[EventCountry "RUS"]
[SourceTitle "CBM 131 Extra"]
[Source "ChessBase"]
[SourceDate "2009.09.03"]
[SourceVersion "2"]
[SourceVersionDate "2009.09.16"]
[SourceQuality "1"]

1. Nf3 Nf6 2. g3 g6 3. Bg2 Bg7 4. c4 c5 5. Nc3 Nc6 6. d4 cxd4 7. Nxd4 0-0 8. Nb3 d6 9. 0-0 Be6 10. Nd5 Qd7 11. Bg5 Ng4 12. Qd2 Rac8 13. Rac1 h6 14. Bf4 Kh7 15. e4 Nge5 16. Qe2 Bh3 17. Rfd1 Bxg2 18. Kxg2 b6 19. h3 Qb7 20. Be3 Qa6 21. Rc2 e6 22. f4 exd5 23. fxe5 Nb4 24. Rcd2 dxc4 25. Nc1 dxe5 26. a3 Nc6 27. Rd7 Qa4 28. R1d6 Rfd8 29. Qf2 Rxd7 30. Rxd7 Nd8 31. Qd2 c3 32. bxc3 Rxc3 33. Qxc3 Qxd7 34. Qc4 Ne6 35. Nd3 Nd4 36. Qd5 Qa4 37. Qxf7 Qc2+ 38. Nf2 Qe2 39. Bxd4 exd4 40. Qxa7 Qb2 41. e5 d3 42. e6 d2 43. Qd7 Qe5 44. e7 d1Q 45. Nxd1 Qe4+ 46. Kf1 Qh1+ 47. Ke2 Qe4+ 48. Ne3 1-0

[Event "Moscow Region-ch op"]
[Site "Moscow"]
[Date "2009.08.02"]
[Round "6"]
[White "Pugachov, Alexey"]
[Black "Shinkevich, Vitaly"]
[Result "0-1"]
[WhiteElo "2445"]
[BlackElo "2518"]
[PlyCount "80"]
[EventDate "2009.07.29"]
[EventType "swiss"]
[EventRounds "10"]
[EventCountry "RUS"]
[SourceTitle "CBM 131 Extra"]
[Source "ChessBase"]
[SourceDate "2009.09.03"]
[SourceVersion "2"]
[SourceVersionDate "2009.09.16"]
[SourceQuality "1"]

1. e4 e5 2. Nf3 Nc6 3. Bc4 Bc5 4. c3 Nf6 5. d4 exd4 6. cxd4 Bb4+ 7. Nc3 Nxe4 8. 0-0 Bxc3 9. d5 Ne5 10. bxc3 Nxc4 11. Qd4 0-0 12. Qxe4 Nd6 13. Qd3 b6 14. Re1 Bb7 15. Bg5 f6 16. Bf4 Nf7 17. d6 cxd6 18. Bxd6 Nxd6 19. Qxd6 Bxf3 20. gxf3 Rf7 21. Re3 Qf8 22. Qd5 g6 23. Rae1 Kg7 24. Kg2 Rb8 25. Rb1 Rc8 26. Qb7 d6 27. Qe4 Rc5 28. Rd1 Qc8 29. Rxd6 Rg5+ 30. Kf1 Qh3+ 31. Ke2 Rg1 32. f4 Qf1+ 33. Kf3 Rg2 34. Re2 Rxh2 35. Ke3 Qc1+ 36. Kd3 Qd1+ 37. Rd2 Rh3+ 38. Kc4 Qa4+ 39. Kd5 Rh5+ 40. f5 Rxf5+ 0-1

[Event "Moscow op-A"]
[Site "Moscow"]
[Date "2009.02.06"]
[Round "7"]
[White "Onoprijchuk, Boris"]
[Black "Pugachov, Alexey"]
[Result "0-1"]
[WhiteElo "2358"]
[BlackElo "2450"]
[PlyCount "74"]
[EventDate "2009.01.31"]
[EventType "swiss"]
[EventRounds "9"]
[EventCountry "RUS"]
[SourceTitle "EXT 2023"]
[Source "ChessBase"]
[SourceDate "2022.10.05"]
[SourceVersion "1"]
[SourceVersionDate "2022.10.05"]
[SourceQuality "1"]

1. e4 c5 2. Nf3 e6 3. d4 cxd4 4. Nxd4 Nc6 5. Nb5 d6 6. c4 Nf6 7. N5c3 Be7 8. Be2 0-0 9. 0-0 b6 10. f4 Bb7 11. Bf3 Rc8 12. Be3 a6 13. Qe2 Na5 14. Nd2 Qc7 15. Rac1 Nd7 16. g4 Nxc4 17. Nd1 b5 18. g5 Qd8 19. Nxc4 Rxc4 20. Rxc4 bxc4 21. Qxc4 e5 22. h4 exf4 23. Bxf4 Ne5 24. Bxe5 dxe5 25. Kh1 Qb6 26. Qb3 Qxb3 27. axb3 f6 28. gxf6 Rxf6 29. Nc3 Rf4 30. h5 Bc5 31. Kg2 Rf7 32. Rd1 Bd4 33. Rd2 g5 34. hxg6 hxg6 35. Re2 Bc5 36. Rc2 Bb6 37. Rd2 Kg7 0-1

[Event "Moscow op-A"]
[Site "Moscow"]
[Date "2009.01.31"]
[Round "1"]
[White "Soltanici, Ruslan"]
[Black "Pugachov, Alexey"]
[Result "1/2-1/2"]
[WhiteElo "2405"]
[BlackElo "2450"]
[PlyCount "80"]
[EventDate "2009.01.31"]
[EventType "swiss"]
[EventRounds "9"]
[EventCountry "RUS"]
[SourceTitle "EXT 2022"]
[Source "ChessBase"]
[SourceDate "2021.10.06"]
[SourceVersion "1"]
[SourceVersionDate "2021.10.06"]
[SourceQuality "1"]

1. e4 c5 2. Nf3 e6 3. Nc3 a6 4. d4 cxd4 5. Nxd4 Qc7 6. g3 Nc6 7. Bg2 d6 8. 0-0 Bd7 9. Re1 Be7 10. Nxc6 Bxc6 11. Qg4 h5 12. Qe2 h4 13. a4 hxg3 14. hxg3 Nf6 15. a5 Kf8 16. Be3 g6 17. Bb6 Qc8 18. Na4 Bb5 19. Qd2 e5 20. b3 Qg4 21. c4 Bc6 22. Qe2 Qe6 23. Nc3 Kg7 24. Nd5 Bxd5 25. exd5 Qf5 26. c5 dxc5 27. Bc7 Nd7 28. d6 Bd8 29. Bxd8 Rhxd8 30. Bxb7 Ra7 31. Bxa6 e4 32. Qb2+ f6 33. Bf1 Ne5 34. Bg2 Nf3+ 35. Bxf3 exf3 36. Re7+ Rxe7 37. dxe7 Rh8 38. e8Q Rxe8 39. Qb1 Qh5 40. Qd3 Rh8 1/2-1/2

[Event "Ilyumzhinov Cup"]
[Site "Internet"]
[Date "2006.05.06"]
[Round "?"]
[White "Pugachov, Alexey"]
[Black "Amonatov, Farrukh"]
[Result "0-1"]
[WhiteElo "2427"]
[BlackElo "2569"]
[PlyCount "138"]
[EventDate "2006.05.06"]
[EventType "swiss"]
[EventRounds "13"]
[EventCountry "RUS"]
[SourceTitle "CBM 112 Extra"]
[Source "ChessBase"]
[SourceDate "2006.07.14"]
[SourceVersion "1"]
[SourceVersionDate "2006.07.14"]
[SourceQuality "1"]

1. e4 c5 2. Nf3 d6 3. Bb5+ Nd7 4. d4 Ngf6 5. 0-0 cxd4 6. Qxd4 e5 7. Qd3 h6 8. c4 Be7 9. Nc3 0-0 10. Bxd7 Bxd7 11. b3 a6 12. a4 Qb6 13. Be3 Qc7 14. a5 Bg4 15. Nd2 Rac8 16. f3 Be6 17. Rfc1 Nd7 18. Qe2 Bg5 19. Nf1 Nc5 20. Rcb1 Qe7 21. Bf2 Kh8 22. Ne3 Bh4 23. Ned5 Qd8 24. Nb6 Rb8 25. b4 Bxf2+ 26. Qxf2 Nd3 27. Qe3 Nf4 28. Rd1 Qg5 29. Qd2 Rbd8 30. g3 Qg6 31. Kh1 Nh3 32. Ncd5 f5 33. Ne7 Qh5 34. exf5 Qxf3+ 35. Qg2 Nf2+ 36. Kg1 Qxg2+ 37. Kxg2 Nxd1 38. Ng6+ Kg8 39. fxe6 Ne3+ 40. Kg1 Rf6 41. Ne7+ Kh7 42. Ned5 Nxd5 43. cxd5 Rf3 44. Rf1 Rxf1+ 45. Kxf1 Kg6 46. Ke2 Kf6 47. Ke3 Ke7 48. Ke4 Rf8 49. h4 Kd8 50. h5 Rf1 51. Nc4 Ke7 52. Nb6 Rc1 53. Kf5 Rc3 54. g4 Rc1 55. Ke4 Kd8 56. Kf5 Rc3 57. Ke4 Rc2 58. Kd3 Rc1 59. Ke4 Rf1 60. Ke3 Rf4 61. Kd3 Rxg4 62. Nc4 Rd4+ 63. Kc3 Rxd5 64. Ne3 Rd4 65. Nf5 Rd1 66. Nxg7 Ke7 67. Nf5+ Kxe6 68. Nxh6 Rg1 69. Kd2 d5 0-1

[Event "RUS Cup Qualifier 5"]
[Site "chessassistantclub.com INT"]
[Date "2004.12.24"]
[Round "?"]
[White "Belov, Vladimir"]
[Black "Pugachov, Alexey"]
[Result "1-0"]
[WhiteElo "2532"]
[BlackElo "2449"]
[PlyCount "53"]
[EventDate "2004.12.24"]
[EventType "swiss (blitz)"]
[EventRounds "13"]
[EventCountry "RUS"]
[SourceTitle "CBM 104 Extra"]
[Source "ChessBase"]
[SourceDate "2005.03.01"]
[SourceVersion "1"]
[SourceVersionDate "2005.03.01"]
[SourceQuality "1"]

1. d4 Nf6 2. c4 e6 3. Nc3 Bb4 4. Qc2 0-0 5. a3 Bxc3+ 6. Qxc3 b5 7. cxb5 c6 8. Bg5 cxb5 9. e3 Bb7 10. Nf3 a6 11. Bd3 h6 12. Bh4 d5 13. Ne5 Nbd7 14. Nxd7 Qxd7 15. Bxf6 gxf6 16. f4 f5 17. Qd2 Rac8 18. Qe2 Kh7 19. g4 Qe7 20. gxf5 Qh4+ 21. Qf2 Qxf2+ 22. Kxf2 Kh8 23. Rac1 Rg8 24. f6 Rc4 25. b3 Rcc8 26. Rhg1 Rgd8 27. Ke2 1-0

[Event "RUS Cup Qualifier 5"]
[Site "chessassistantclub.com INT"]
[Date "2004.12.24"]
[Round "?"]
[White "Fingerov, Dmitry"]
[Black "Pugachov, Alexey"]
[Result "0-1"]
[WhiteElo "2349"]
[BlackElo "2449"]
[PlyCount "128"]
[EventDate "2004.12.24"]
[EventType "swiss (blitz)"]
[EventRounds "13"]
[EventCountry "RUS"]
[SourceTitle "CBM 104 Extra"]
[Source "ChessBase"]
[SourceDate "2005.03.01"]
[SourceVersion "1"]
[SourceVersionDate "2005.03.01"]
[SourceQuality "1"]

1. e4 c5 2. c3 Nf6 3. e5 Nd5 4. Nf3 e6 5. d4 cxd4 6. cxd4 d6 7. Bd3 dxe5 8. dxe5 Nb4 9. Be4 Qxd1+ 10. Kxd1 Nd5 11. Bd2 Nc6 12. Nc3 Nxc3+ 13. Bxc3 Be7 14. Ke2 Bd7 15. Rhd1 0-0-0 16. a3 h6 17. b4 a6 18. Rac1 Kb8 19. Nd4 Nxd4+ 20. Bxd4 Ba4 21. Rd2 Rd7 22. f4 Rhd8 23. Ke3 f5 24. Bc2 Bxc2 25. Rcxc2 Rd5 26. Bb6 Rxd2 27. Rxd2 Rxd2 28. Kxd2 Kc8 29. Kd3 Kd7 30. h3 Kc6 31. Bd4 Kd5 32. g4 fxg4 33. hxg4 g6 34. Bf2 h5 35. gxh5 gxh5 36. Ke3 b5 37. Kf3 Bd8 38. Be3 a5 39. bxa5 Bxa5 40. Bf2 Bd8 41. Be3 Be7 42. Bc1 Kd4 43. Bb2+ Kd3 44. f5 exf5 45. Kf4 Kc2 46. Bd4 h4 47. Kxf5 h3 48. Bg1 Bxa3 49. Kg4 Bc5 50. Bh2 b4 51. e6 b3 52. Be5 h2 53. Bxh2 b2 54. Bg1 Be7 55. Kf5 b1Q 56. Bd4 Kb3+ 57. Ke5 Kc4 58. Be3 Qb5+ 59. Ke4 Qd5+ 60. Kf4 Bg5+ 61. Kg4 Bxe3 62. e7 Qe6+ 63. Kf3 Qxe7 64. Ke2 Kd4 0-1

[Event "RUS Cup Qualifier 5"]
[Site "chessassistantclub.com INT"]
[Date "2004.12.24"]
[Round "?"]
[White "Pugachov, Alexey"]
[Black "Galkin, Alexander"]
[Result "1-0"]
[WhiteElo "2449"]
[BlackElo "2598"]
[PlyCount "63"]
[EventDate "2004.12.24"]
[EventType "swiss (blitz)"]
[EventRounds "13"]
[EventCountry "RUS"]
[SourceTitle "CBM 104 Extra"]
[Source "ChessBase"]
[SourceDate "2005.03.01"]
[SourceVersion "1"]
[SourceVersionDate "2005.03.01"]
[SourceQuality "1"]

1. e4 c5 2. Nf3 e6 3. d4 cxd4 4. Nxd4 Nf6 5. Nc3 d6 6. g4 h6 7. h4 Nc6 8. Rg1 Qb6 9. Nb3 g6 10. Be3 Qc7 11. g5 hxg5 12. hxg5 Nh5 13. Nb5 Qb8 14. Qd2 a6 15. N5d4 Bd7 16. 0-0-0 Qc7 17. Kb1 0-0-0 18. Nxc6 Bxc6 19. f3 Bg7 20. Qf2 Qe7 21. Na5 Be8 22. Bb6 Rd7 23. Bxa6 bxa6 24. Qe2 Ra7 25. Qc4+ Kb8 26. Qb4 Ka8 27. Rxd6 Bb5 28. Rgd1 Rb8 29. Rd8 Rxd8 30. Rxd8+ Qxd8 31. Bxd8 Rd7 32. a4 1-0

[Event "RUS Cup Qualifier 4"]
[Site "chessassistantclub.com INT"]
[Date "2004.11.25"]
[Round "?"]
[White "Pugachov, Alexey"]
[Black "Shaposhnikov, Evgeny"]
[Result "1/2-1/2"]
[WhiteElo "2499"]
[BlackElo "2554"]
[PlyCount "94"]
[EventDate "2004.11.25"]
[EventType "swiss (blitz)"]
[EventRounds "13"]
[EventCountry "RUS"]
[SourceTitle "CBM 103 Extra"]
[Source "ChessBase"]
[SourceDate "2005.01.01"]
[SourceVersion "1"]
[SourceVersionDate "2005.01.01"]
[SourceQuality "1"]

1. e4 c5 2. Nf3 e6 3. c4 Nc6 4. Nc3 e5 5. Be2 d6 6. 0-0 Nge7 7. d3 g6 8. a3 Bg7 9. b4 0-0 10. bxc5 dxc5 11. Nd5 h6 12. Be3 b6 13. Nd2 Be6 14. Nb3 f5 15. Bf3 Qd7 16. Bxc5 bxc5 17. Nxc5 Qd6 18. Nxe6 Qxe6 19. Nc7 Qd7 20. Nxa8 f4 21. Bg4 Qd8 22. Be6+ Kh7 23. Rb1 f3 24. g3 Qxa8 25. h4 Nd4 26. Bh3 Ne2+ 27. Kh2 Nc3 28. Qb3 Nxb1 29. Rxb1 Nc6 30. Qa4 Rd8 31. h5 gxh5 32. Bf5+ Kh8 33. Qd1 Nd4 34. c5 Qc6 35. Bh3 Qxc5 36. Qa4 Qc2 37. Qxc2 Nxc2 38. a4 Ne1 39. Rxe1 Rxd3 40. Rb1 Bf8 41. Rb8 Kg7 42. Rb7+ Kf6 43. Rxa7 Rd2 44. Ra6+ Kg7 45. Ra7+ Kf6 46. Ra6+ Kg7 47. Ra7+ Kf6 1/2-1/2

[Event "RUS Cup Qualifier 4"]
[Site "chessassistantclub.com INT"]
[Date "2004.11.25"]
[Round "?"]
[White "Pugachov, Alexey"]
[Black "Zaiatz, Elena"]
[Result "0-1"]
[WhiteElo "2499"]
[BlackElo "2332"]
[PlyCount "114"]
[EventDate "2004.11.25"]
[EventType "swiss (blitz)"]
[EventRounds "13"]
[EventCountry "RUS"]
[SourceTitle "CBM 103 Extra"]
[Source "ChessBase"]
[SourceDate "2005.01.01"]
[SourceVersion "1"]
[SourceVersionDate "2005.01.01"]
[SourceQuality "1"]

1. e4 e5 2. Nf3 Nc6 3. d4 exd4 4. Bc4 Bc5 5. c3 Nf6 6. e5 d5 7. Bb5 Ne4 8. cxd4 Bb6 9. h3 0-0 10. 0-0 Ne7 11. Nc3 c6 12. Bd3 Bf5 13. Be3 Nxc3 14. bxc3 Qd7 15. a4 Ng6 16. Qb1 Bxd3 17. Qxd3 f6 18. exf6 Rxf6 19. Bd2 Bc7 20. Rfe1 Raf8 21. Re3 Nf4 22. Qf1 Nxh3+ 23. gxh3 Rxf3 24. Rxf3 Rxf3 25. Qg2 Qxh3 26. Qxh3 Rxh3 27. Re1 Kf7 28. Kg2 Rd3 29. Re2 Bd6 30. Be1 Rd1 31. Bd2 Ra1 32. Re3 Be7 33. Rf3+ Bf6 34. Bg5 Rxa4 35. Bxf6 gxf6 36. Rh3 Ra3 37. Rxh7+ Ke6 38. Rxb7 a5 39. Ra7 Kf5 40. Ra6 Rxc3 41. Rxa5 Ke4 42. Ra8 f5 43. Re8+ Kxd4 44. f3 c5 45. Kg3 c4 46. Kf4 Ra3 47. Rc8 Re3 48. Rc7 c3 49. Rc8 Re1 50. Kxf5 Kd3 51. f4 c2 52. Kf6 c1Q 53. Rxc1 Rxc1 54. Ke5 d4 55. f5 Rf1 56. f6 Ke3 57. f7 Rxf7 0-1

[Event "RUS Cup Qualifier 3"]
[Site "chessassistantclub.com INT"]
[Date "2004.10.21"]
[Round "?"]
[White "Pugachov, Alexey"]
[Black "Goncharov, Vladislav"]
[Result "1/2-1/2"]
[WhiteElo "2499"]
[BlackElo "2310"]
[PlyCount "36"]
[EventDate "2004.10.21"]
[EventType "swiss (blitz)"]
[EventRounds "13"]
[EventCountry "RUS"]
[SourceTitle "EXT 2006"]
[Source "ChessBase"]
[SourceDate "2005.11.24"]
[SourceVersion "1"]
[SourceVersionDate "2005.11.24"]
[SourceQuality "1"]

1. e4 d6 2. d4 Nf6 3. Nc3 e5 4. Nf3 Nbd7 5. Bc4 Be7 6. 0-0 0-0 7. Re1 c6 8. a4 b6 9. b3 a6 10. Bb2 Rb8 11. Bd3 b5 12. axb5 axb5 13. Ne2 Qc7 14. Ng3 g6 15. Qd2 Re8 16. h4 Bf8 17. h5 Bg7 18. hxg6 hxg6 1/2-1/2

[Event "RUS Cup Qualifier 3"]
[Site "chessassistantclub.com INT"]
[Date "2004.10.21"]
[Round "?"]
[White "Pugachov, Alexey"]
[Black "Kharlov, Andrei"]
[Result "1/2-1/2"]
[WhiteElo "2499"]
[BlackElo "2591"]
[PlyCount "72"]
[EventDate "2004.10.21"]
[EventType "swiss (blitz)"]
[EventRounds "13"]
[EventCountry "RUS"]
[SourceTitle "EXT 2006"]
[Source "ChessBase"]
[SourceDate "2005.11.24"]
[SourceVersion "1"]
[SourceVersionDate "2005.11.24"]
[SourceQuality "1"]

1. e4 c5 2. Nf3 Nc6 3. Bb5 d6 4. 0-0 Bd7 5. Re1 Nf6 6. h3 a6 7. Bf1 e5 8. c3 g6 9. d4 Bg7 10. d5 Ne7 11. c4 b5 12. cxb5 axb5 13. b4 cxb4 14. Bd2 Ra4 15. Qb3 0-0 16. Bxb4 Nfxd5 17. Bxd6 Nc7 18. Nc3 Be6 19. Qd1 Ra8 20. Bxe5 Bxe5 21. Nxe5 b4 22. Nb5 Nxb5 23. Bxb5 Qxd1 24. Rexd1 Rxa2 25. Bc4 Bxc4 26. Nxc4 Rxa1 27. Rxa1 Rb8 28. Rb1 Nc6 29. f3 b3 30. Kf2 Rb4 31. Nd2 b2 32. Ke3 Nd4 33. Kd3 Ne6 34. Kc3 Rb8 35. Rxb2 Rxb2 36. Kxb2 Nf4 1/2-1/2

[Event "RUS Cup Qualifier 3"]
[Site "chessassistantclub.com INT"]
[Date "2004.10.21"]
[Round "?"]
[White "Pugachov, Alexey"]
[Black "Najer, Evgeniy"]
[Result "1/2-1/2"]
[WhiteElo "2499"]
[BlackElo "2608"]
[PlyCount "80"]
[EventDate "2004.10.21"]
[EventType "swiss (blitz)"]
[EventRounds "13"]
[EventCountry "RUS"]
[SourceTitle "EXT 2006"]
[Source "ChessBase"]
[SourceDate "2005.11.24"]
[SourceVersion "1"]
[SourceVersionDate "2005.11.24"]
[SourceQuality "1"]

1. e4 e5 2. Nf3 Nc6 3. Bb5 Nd4 4. Nxd4 exd4 5. 0-0 Bc5 6. d3 c6 7. Ba4 d6 8. Nd2 h5 9. c3 Bg4 10. Qe1 dxc3 11. bxc3 Qa5 12. d4 Bb6 13. Bb3 Qxc3 14. Nc4 Qxe1 15. Rxe1 Bxd4 16. Nxd6+ Kd7 17. Nxf7 Bxa1 18. f3 Be6 19. Nxh8 Bxb3 20. axb3 Nf6 21. Rd1+ Ke8 22. Ng6 Rd8 23. Rxd8+ Kxd8 24. Be3 b6 25. Nf4 Ke7 26. Kf2 c5 27. Ke2 Be5 28. Ng6+ Ke6 29. Nxe5 Kxe5 30. Kd3 Ne8 31. Bc1 Ke6 32. f4 g6 33. h3 b5 34. g4 hxg4 35. hxg4 Nd6 36. f5+ gxf5 37. exf5+ Nxf5 38. gxf5+ Kxf5 39. Kc2 a5 40. Be3 c4 1/2-1/2

[Event "RUS Cup Qualifier 2"]
[Site "chessassistantclub.com INT"]
[Date "2004.09.30"]
[Round "?"]
[White "Gabrielian, Artur"]
[Black "Pugachov, Alexey"]
[Result "1-0"]
[WhiteElo "2459"]
[BlackElo "2499"]
[PlyCount "133"]
[EventDate "2004.09.30"]
[EventType "swiss (blitz)"]
[EventRounds "13"]
[EventCountry "RUS"]
[SourceTitle "EXT 2006"]
[Source "ChessBase"]
[SourceDate "2005.11.24"]
[SourceVersion "1"]
[SourceVersionDate "2005.11.24"]
[SourceQuality "1"]

1. e4 c5 2. Nc3 e6 3. Nf3 a6 4. a4 Nc6 5. Bc4 Nf6 6. 0-0 d5 7. exd5 exd5 8. Re1+ Be7 9. Ba2 0-0 10. h3 Nb4 11. d3 h6 12. Bf4 Be6 13. Bb3 c4 14. dxc4 dxc4 15. Rxe6 fxe6 16. Bxc4 Nfd5 17. Be5 Rc8 18. Bb3 Bf6 19. Ne4 Bxe5 20. Nxe5 Qc7 21. Ng6 Rf5 22. c3 Nc6 23. Nc5 Qf7 24. Nh4 Nxc3 25. Qd6 Rd5 26. Bxd5 Nxd5 27. Nxe6 Nf6 28. Nf3 Re8 29. Nc5 Ne4 30. Nxe4 Rxe4 31. a5 Re6 32. Qd2 Re8 33. Re1 Rf8 34. b4 Qf5 35. Qa2+ Qf7 36. Qd2 Qc4 37. Rb1 Qf7 38. b5 axb5 39. Rxb5 Rd8 40. Qe2 Rd7 41. Rc5 Nd8 42. Ne5 Qe6 43. Qf3 Rd6 44. Nc4 Rd7 45. Rc8 Kh7 46. g3 Rf7 47. Qd3+ Qf5 48. Qxf5+ Rxf5 49. Rxd8 Rc5 50. Rd4 Rb5 51. f4 Rb4 52. Kf2 b5 53. axb6 Rb3 54. Ke2 Kg6 55. Kd2 Rxg3 56. Kc2 Rxh3 57. b7 Rh2+ 58. Kc3 Rh3+ 59. Rd3 Rh1 60. b8Q Rc1+ 61. Kd2 Rxc4 62. Qe8+ Kh7 63. Rd7 Rxf4 64. Qe7 Rg4 65. Ke3 Rg5 66. Kf4 h5 67. Qxg5 1-0